000
00347 a2200157 4500
001
75268
020
_a
9788508172726
040
_c
Anchieta - Colégio São Paulo
100
_a
Dante, Luiz Roberto
240
1
0
_a
Projeto teláris:
_l
por
245
1
0
_a
Projeto teláris:
300
_a
360
362
0
_a
2015
650
4
_a
Matemática
942
_c
BK
999
_c
75268
_d
75268